[Event "Montreal op"]
[Site "Montreal CAN"]
[Date "2025.09.06"]
[Round "4.7"]
[White "Guillemette, Hugo"]
[Black "Adam, Rafael"]
[Result "1/2-1/2"]
[WhiteElo "2180"]
[BlackElo "2160"]
[WhiteFideId "-1"]
[WhiteFideId "-1"]
[PlyCount "125"]
[GameId "2221284413374035"]
[EventDate "2025.09.03"]
[EventType "swiss"]
[EventRounds "7"]
[EventCountry "CAN"]

1. e4 g6 2. d4 Bg7 3. Nf3 d6 4. h3 Nf6 5. Nc3 a6 6. a4 Nc6 7. Be3 O-O 8. Be2 e5 9. dxe5 Nxe5 10. Nxe5 dxe5 11. Qxd8 Rxd8 12. Bc4 Bd7 13. Ke2 Bc6 14. f3 Nh5 15. Rhd1 Bf8 16. Bd5 Rd6 17. b4 Nf6 18. Bc5 Bxd5 19. exd5 Rdd8 20. Ne4 Nh5 21. c4 a5 22. Bxf8 Kxf8 23. b5 Nf4+ 24. Kf2 f5 25. Nc3 b6 26. h4 Ke7 27. g3 Nh5 28. d6+ Rxd6 29. Nd5+ Kd7 30. Rac1 Ng7 31. c5 bxc5 32. Rxc5 Ne6 33. Nf6+ Ke7 34. Rxd6 Nxc5 35. Rd5 Nxa4 36. Nxh7 Nc3 37. Rc5 Nd1+ 38. Ke2 Nb2 39. Rxc7+ Kd6 40. Rc2 Na4 41. Rc6+ Kd5 42. Ke3 f4+ 43. gxf4 exf4+ 44. Kxf4 Nc5 45. Nf6+ Kd4 46. b6 a4 47. Ne4 Nd3+ 48. Kg5 Ne5 49. Rd6+ Ke3 50. Re6 Nxf3+ 51. Kxg6 Nxh4+ 52. Kh5 Rh8+ 53. Kg4 a3 54. b7 a2 55. Nc3+ Kd4 56. Nxa2 Rb8 57. Re7 Kc5 58. Nc3 Ng6 59. Rc7+ Kb6 60. Nd5+ Ka7 61. Kf5 Rxb7 62. Rxb7+ Kxb7 63. Kxg6 1/2-1/2

[Event "Montreal op"]
[Site "Montreal CAN"]
[Date "2025.09.06"]
[Round "4.8"]
[White "Saine, Zachary"]
[Black "Lamontagne, Damien"]
[Result "1-0"]
[WhiteElo "2068"]
[BlackElo "1834"]
[WhiteFideId "-1"]
[WhiteFideId "-1"]
[PlyCount "126"]
[GameId "2221284413374036"]
[EventDate "2025.09.03"]
[EventType "swiss"]
[EventRounds "7"]
[EventCountry "CAN"]

1. e4 c5 2. Nf3 e6 3. d4 cxd4 4. Nxd4 Nc6 5. Bf4 d6 6. Nxc6 bxc6 7. c4 e5 8. Bd2 Nf6 9. Nc3 Be7 10. Bd3 O-O 11. O-O Rb8 12. Qc2 a5 13. Rad1 Qc7 14. b3 Rd8 15. Kh1 Bd7 16. f4 c5 17. Nd5 Nxd5 18. exd5 g6 19. f5 Kg7 20. Bc1 Rh8 21. Qf2 f6 22. Qg3 g5 23. Bxg5 fxg5 24. f6+ Bxf6 25. Rxf6 Kxf6 26. Rf1+ Ke7 27. Qxg5+ Ke8 28. Qg7 Kd8 29. Qxh8+ Be8 30. Bxh7 Qe7 31. Rf8 Kc7 32. Bg6 Qg5 33. Qg7+ Kb6 34. h3 Rb7 35. Qf6 Qxg6 36. Qd8+ Ka6 37. Qa8+ Kb6 38. Qxe8 Qb1+ 39. Kh2 Qxa2 40. Qc6+ Ka7 41. Qxd6 Qxb3 42. Qxc5+ Qb6 43. Qxb6+ Kxb6 44. Rf6+ Kc5 45. Rc6+ Kd4 46. d6 Rd7 47. c5 Kd5 48. Rc7 Ke6 49. Rc8 Ra7 50. Re8+ Kd5 51. Re7 Ra8 52. d7 Rd8 53. c6 Kxc6 54. Rxe5 Kb6 55. Rd5 a4 56. g4 Kc6 57. Ra5 Kxd7 58. Rxa4 Ke6 59. Rf4 Ke5 60. Rf5+ Ke6 61. Kg3 Rd3+ 62. Rf3 Rd7 63. h4 Kd5 1-0

[Event "Montreal op"]
[Site "Montreal CAN"]
[Date "2025.09.06"]
[Round "4.9"]
[White "Trofimov-Malyshkin, Valentyn"]
[Black "Migot, Tangi"]
[Result "0-1"]
[WhiteElo "1964"]
[BlackElo "2324"]
[WhiteFideId "-1"]
[WhiteFideId "-1"]
[PlyCount "166"]
[GameId "2221284413439573"]
[EventDate "2025.09.03"]
[EventType "swiss"]
[EventRounds "7"]
[EventCountry "CAN"]

1. d4 Nf6 2. c4 e6 3. a3 c5 4. e3 d5 5. Nf3 h6 6. dxc5 Bxc5 7. b4 Bd6 8. Bb2 O-O 9. cxd5 exd5 10. Bd3 a5 11. bxa5 Rxa5 12. Nbd2 Nc6 13. h3 Qe7 14. a4 Bd7 15. O-O Nb4 16. Bc3 Rc8 17. Qb3 Ne4 18. Bd4 Nxd2 19. Nxd2 Nxd3 20. Qxd3 Rxa4 21. Rxa4 Bxa4 22. Ba1 Bc6 23. Qd4 f6 24. Nf3 Qe4 25. Qb6 Qb4 26. Qxb4 Bxb4 27. Rb1 Ba3 28. Rb3 Bd6 29. Nd4 Ba4 30. Rc3 Rc4 31. Rxc4 dxc4 32. Bc3 Kf7 33. Kf1 h5 34. g3 b5 35. Nc6 Bd1 36. f4 Ke8 37. Ke1 Kd7 38. Nb4 Bf3 39. Nc2 Bg2 40. h4 Be4 41. Nb4 Bc5 42. Kd2 Ke6 43. Ke2 Kf5 44. Kd2 Bb7 45. Nc2 Ke4 46. Ke2 Bc8 47. Bd4 Bg4+ 48. Kd2 Bxd4 49. exd4 Kf3 50. Ne3 Ke4 51. Nc2 Bd7 52. Kc3 Kf3 53. d5 Kxg3 54. Nd4 Kxf4 55. Ne6+ Ke5 56. Nxg7 Bg4 57. Ne8 f5 58. Nc7 f4 59. Nxb5 f3 60. Na3 f2 61. Nxc4+ Kxd5 62. Ne3+ Ke4 63. Kd2 Kf3 64. Nf1 Bh3 65. Nh2+ Kg3 66. Ke2 Kxh2 67. Kxf2 Bg4 68. Kf1 Kg3 69. Kg1 Kxh4 70. Kh2 Bf3 71. Kg1 Kg3 72. Kf1 h4 73. Kg1 h3 74. Kf1 h2 75. Ke1 h1=Q+ 76. Kd2 Qh6+ 77. Kc3 Kf4 78. Kb2 Ke4 79. Kc3 Qc1+ 80. Kb3 Kd4 81. Ka4 Qb2 82. Ka5 Kc5 83. Ka6 Qb6# 0-1

[Event "Montreal op"]
[Site "Montreal CAN"]
[Date "2025.09.06"]
[Round "4.10"]
[White "Zhu, Hong Rui"]
[Black "Lopez Linares, Lizandro"]
[Result "1-0"]
[WhiteElo "2212"]
[BlackElo "2038"]
[WhiteFideId "-1"]
[WhiteFideId "-1"]
[PlyCount "119"]
[GameId "2221284413316661"]
[EventDate "2025.09.03"]
[EventType "swiss"]
[EventRounds "7"]
[EventCountry "CAN"]

1. e4 c6 2. d4 d5 3. exd5 cxd5 4. Bd3 Nc6 5. c3 Nf6 6. Bf4 Bg4 7. Qb3 Qb6 8. Qxb6 axb6 9. Nd2 e6 10. Ngf3 Nd7 11. O-O Be7 12. a3 O-O 13. Rae1 Bh5 14. Ne5 Ndxe5 15. Bxe5 Bg6 16. Bb1 Rac8 17. h3 Rfe8 18. Bh2 Na5 19. Re2 Rc6 20. f4 Bxb1 21. Rxb1 f5 22. g4 g6 23. Kg2 Kf7 24. Rbe1 Bf6 25. Bg3 b5 26. Nf3 Nc4 27. Bh4 Bxh4 28. Nxh4 h6 29. Kh2 Rcc8 30. Rg2 Rg8 31. Nf3 Rc7 32. Kg1 Re7 33. Kf1 Nd6 34. Ne5+ Kf6 35. Ke2 Ne4 36. h4 Rh7 37. Rh1 fxg4 38. Rxg4 Rhg7 39. Rg2 h5 40. Kd1 Kf5 41. Nd3 Kf6 42. Kc2 b6 43. Kb3 Nd6 44. Rhg1 Nf5 45. Rh2 Nd6 46. Ne5 Ra8 47. Rhg2 Rag8 48. Kb4 Kf5 49. Rg5+ Kf6 50. R1g2 Ne4 51. Kxb5 Nxg5 52. fxg5+ Ke7 53. Rf2 Rc8 54. Rf6 Rcg8 55. a4 Kd6 56. Nf7+ Ke7 57. Ne5 Kd6 58. Nd3 Rc8 59. Nf4 Re8 60. Nxg6 1-0

[Event "Montreal op"]
[Site "Montreal CAN"]
[Date "2025.09.06"]
[Round "4.11"]
[White "Martinez Mulet, Dario Leonel"]
[Black "Jacquet, Stephane"]
[Result "1-0"]
[WhiteElo "2173"]
[BlackElo "1931"]
[WhiteFideId "-1"]
[WhiteFideId "-1"]
[PlyCount "71"]
[GameId "2221284413316662"]
[EventDate "2025.09.03"]
[EventType "swiss"]
[EventRounds "7"]
[EventCountry "CAN"]

1. d4 d6 2. Nf3 g6 3. g3 Bg7 4. Bg2 Nf6 5. c4 O-O 6. O-O Nc6 7. Nc3 e5 8. d5 Nb8 9. Ne1 a5 10. Nd3 Na6 11. a3 Nc5 12. Nxc5 dxc5 13. Rb1 Bf5 14. e4 Bg4 15. f3 Bd7 16. b4 axb4 17. axb4 cxb4 18. Rxb4 Qe7 19. Qb3 Qc5+ 20. Kh1 b6 21. Nb5 Bxb5 22. Rxb5 Qd6 23. c5 bxc5 24. Be3 Nd7 25. Rc1 Rfb8 26. Bh3 c6 27. dxc6 Rxb5 28. Qxb5 Rb8 29. Qa6 Qf6 30. Rf1 Rb6 31. Qc8+ Nf8 32. c7 Rd6 33. Qb8 Rd1 34. Rxd1 Qxf3+ 35. Bg2 Qxd1+ 36. Bg1 1-0

[Event "Montreal op"]
[Site "Montreal CAN"]
[Date "2025.09.06"]
[Round "4.12"]
[White "Kraiouchkine, Nikita"]
[Black "Chapdelaine, Gwyn"]
[Result "0-1"]
[WhiteElo "2165"]
[BlackElo "1884"]
[WhiteFideId "-1"]
[WhiteFideId "-1"]
[PlyCount "60"]
[GameId "2221284413316663"]
[EventDate "2025.09.03"]
[EventType "swiss"]
[EventRounds "7"]
[EventCountry "CAN"]

1. e4 c6 2. d4 d5 3. f3 dxe4 4. fxe4 e5 5. Nf3 Bg4 6. Bc4 Nd7 7. c3 Ngf6 8. O-O Bd6 9. Bg5 O-O 10. h3 Bh5 11. Nbd2 h6 12. Bh4 b5 13. Bd3 Qb6 14. Bf2 Qb7 15. Qb3 Bg6 16. Nc4 Bc7 17. Ncxe5 Nxe5 18. dxe5 Nxe4 19. e6 Rae8 20. Bxe4 Bxe4 21. exf7+ Rxf7 22. Rae1 Qc8 23. Nd4 Qd7 24. Re3 Bd5 25. Qd1 Ref8 26. Nf3 Rxf3 27. Rxf3 Rxf3 28. Bxa7 Rg3 29. Rf2 Qxh3 30. Qe2 Rg5 0-1

[Event "Montreal op"]
[Site "Montreal CAN"]
[Date "2025.09.06"]
[Round "4.13"]
[White "Duong, Thanh Nha"]
[Black "Di Matteo, Alessio"]
[Result "1-0"]
[WhiteElo "2145"]
[BlackElo "1876"]
[WhiteFideId "-1"]
[WhiteFideId "-1"]
[PlyCount "71"]
[GameId "2221284413316664"]
[EventDate "2025.09.03"]
[EventType "swiss"]
[EventRounds "7"]
[EventCountry "CAN"]

1. e4 c5 2. Nf3 e6 3. b3 b6 4. Bb2 Bb7 5. Nc3 Nc6 6. d4 cxd4 7. Nxd4 Nf6 8. f3 Rc8 9. Ndb5 a6 10. Nd6+ Bxd6 11. Qxd6 Qc7 12. Qd2 O-O 13. Ba3 d5 14. Bxf8 Kxf8 15. Bd3 Nb4 16. Ne2 a5 17. exd5 Nbxd5 18. O-O Qc5+ 19. Kh1 Ne3 20. Rfe1 Nfg4 21. Ng3 Nc4 22. Bxc4 Nf2+ 23. Kg1 Nh3+ 24. Kf1 Qg1+ 25. Ke2 Qxg2+ 26. Kd1 Qxf3+ 27. Kc1 Qf6 28. Kb1 a4 29. a3 b5 30. Qb4+ Kg8 31. Qxb5 Qc3 32. Qe5 Qf3 33. Ka2 axb3+ 34. cxb3 Nf4 35. Rad1 Bd5 36. Qe3 1-0

[Event "Montreal op"]
[Site "Montreal CAN"]
[Date "2025.09.06"]
[Round "4.14"]
[White "Sun, Jonathan"]
[Black "Saha, Ananda"]
[Result "1-0"]
[WhiteElo "1790"]
[BlackElo "2105"]
[WhiteFideId "-1"]
[WhiteFideId "-1"]
[PlyCount "95"]
[GameId "2221284413316665"]
[EventDate "2025.09.03"]
[EventType "swiss"]
[EventRounds "7"]
[EventCountry "CAN"]

1. e4 e6 2. d4 d5 3. e5 Bd7 4. Nf3 a6 5. c3 Bb5 6. Bd3 Bxd3 7. Qxd3 c5 8. O-O Nc6 9. a3 c4 10. Qc2 Nge7 11. Bg5 h6 12. Bxe7 Bxe7 13. Nbd2 b5 14. Ne1 Qb6 15. f4 g6 16. Nef3 h5 17. g3 Bf8 18. Ng5 Ne7 19. b4 Nf5 20. Rae1 a5 21. Ndf3 Be7 22. Kf2 O-O 23. h3 axb4 24. axb4 Ra3 25. g4 Rfa8 26. Re2 Ng7 27. Kg3 R8a4 28. Nxf7 Kxf7 29. Ng5+ Ke8 30. Qxg6+ Kd7 31. Qxg7 Rxc3+ 32. Kh2 hxg4 33. hxg4 Raa3 34. f5 exf5 35. gxf5 Rg3 36. e6+ Kc6 37. Qxe7 Qxd4 38. Qc5+ Qxc5 39. bxc5 Rxg5 40. e7 Rh5+ 41. Kg1 Rg5+ 42. Rg2 Rxg2+ 43. Kxg2 Ra8 44. f6 Kd7 45. c6+ Ke6 46. f7 Ra2+ 47. Kg3 Ra3+ 48. Kg4 1-0

[Event "Montreal op"]
[Site "Montreal CAN"]
[Date "2025.09.06"]
[Round "4.15"]
[White "Navarro Guerrero, Pavel"]
[Black "Radenovic, Milan"]
[Result "1-0"]
[WhiteElo "2100"]
[BlackElo "1851"]
[WhiteFideId "-1"]
[WhiteFideId "-1"]
[PlyCount "85"]
[GameId "2221284413316666"]
[EventDate "2025.09.03"]
[EventType "swiss"]
[EventRounds "7"]
[EventCountry "CAN"]

1. c4 Nf6 2. g3 g6 3. Bg2 Bg7 4. Nf3 O-O 5. O-O d6 6. Nc3 Nc6 7. d3 a6 8. Rb1 Rb8 9. Nd2 Bd7 10. a3 b5 11. b4 e5 12. Bb2 Nd4 13. e3 Ne6 14. f4 exf4 15. gxf4 Qe7 16. Nd5 Nxd5 17. cxd5 Nd8 18. Re1 c6 19. Bxg7 Kxg7 20. Qb3 cxd5 21. Bxd5 Rc8 22. Ne4 f6 23. Qb2 Be6 24. Qb3 Bxd5 25. Qxd5 Qe6 26. Qxe6 Nxe6 27. Rbc1 Rfd8 28. Kf2 f5 29. Nd2 Kf6 30. h4 Ke7 31. Nf3 Rg8 32. Ng5 h6 33. Nxe6 Kxe6 34. Rg1 Kf6 35. Kf3 Rge8 36. e4 h5 37. Ke3 fxe4 38. dxe4 d5 39. e5+ Kf7 40. Rc5 Rg8 41. Kd4 Ke6 42. Rxc8 Rxc8 43. Rxg6+ 1-0

[Event "Montreal op"]
[Site "Montreal CAN"]
[Date "2025.09.06"]
[Round "4.16"]
[White "Chua, Zachary"]
[Black "Huang, Qiuyu"]
[Result "0-1"]
[WhiteElo "1744"]
[BlackElo "2043"]
[WhiteFideId "-1"]
[WhiteFideId "-1"]
[PlyCount "156"]
[GameId "2221284413316667"]
[EventDate "2025.09.03"]
[EventType "swiss"]
[EventRounds "7"]
[EventCountry "CAN"]

1. d4 d5 2. Bf4 Nf6 3. e3 c5 4. c3 Nc6 5. Nd2 Bf5 6. Ngf3 e6 7. Bb5 Qb6 8. Qa4 Nd7 9. O-O Be7 10. e4 Bxe4 11. Nxe4 dxe4 12. Nd2 O-O 13. Nc4 Qd8 14. Rad1 cxd4 15. Bxc6 Nc5 16. Qa5 bxc6 17. Rxd4 Qxa5 18. Nxa5 Bf6 19. Rd2 Nd3 20. Be3 Nxb2 21. Bc5 Rfc8 22. Bd4 Nd3 23. f3 Bg5 24. Re2 c5 25. Be3 exf3 26. Rxf3 Bf6 27. Nb7 Rab8 28. Nd6 Rb1+ 29. Rf1 Rcb8 30. Rd2 Rxf1+ 31. Kxf1 Nb2 32. Bxc5 Bxc3 33. Rc2 Be5 34. Bxa7 Ra8 35. Nc8 Kf8 36. Bc5+ Kg8 37. Nb6 Rd8 38. Be7 Re8 39. Ba3 Nd3 40. Ke2 Nf4+ 41. Kf3 g5 42. Nd7 Bg7 43. Bb2 Bxb2 44. Rxb2 Kg7 45. a4 Rd8 46. Nc5 Nd3 47. Nxd3 Rxd3+ 48. Ke2 Ra3 49. Rb5 Kg6 50. Ra5 h5 51. Ra8 Kf5 52. a5 Ke4 53. a6 Ra2+ 54. Kd1 Rxg2 55. a7 Ra2 56. Rg8 Rxa7 57. Rxg5 f5 58. Rxh5 Ra2 59. h4 Rh2 60. Rh6 e5 61. Rb6 Kf3 62. Rb5 Kf4 63. Ke1 Rxh4 64. Kf2 Rh2+ 65. Kg1 Ra2 66. Kf1 e4 67. Ke1 Kg4 68. Rb8 f4 69. Rg8+ Kf3 70. Rh8 Ra1+ 71. Kd2 e3+ 72. Kd3 Rd1+ 73. Kc2 e2 74. Rh3+ Kg2 75. Ra3 e1=Q 76. Re3 Rc1+ 77. Kb2 Qc3+ 78. Ka2 Ra1# 0-1

[Event "Montreal op"]
[Site "Montreal CAN"]
[Date "2025.09.06"]
[Round "4.17"]
[White "Batorshyn, Ilia"]
[Black "Mok, Yuen Tak"]
[Result "1-0"]
[WhiteElo "2189"]
[BlackElo "1941"]
[WhiteFideId "-1"]
[WhiteFideId "-1"]
[PlyCount "57"]
[GameId "2221284413316668"]
[EventDate "2025.09.03"]
[EventType "swiss"]
[EventRounds "7"]
[EventCountry "CAN"]

1. d4 d5 2. c4 c6 3. cxd5 cxd5 4. Nf3 Nc6 5. Nc3 Nf6 6. Bf4 a6 7. Rc1 Bf5 8. e3 Rc8 9. Be2 e6 10. O-O Bd6 11. Bxd6 Qxd6 12. Na4 O-O 13. Nc5 Rc7 14. Qb3 Qe7 15. Qb6 Bg4 16. Nxa6 bxa6 17. Rxc6 Rb7 18. Qxa6 Rxb2 19. Rb6 Rxb6 20. Qxb6 Qa3 21. Qa6 Ra8 22. Qxa3 Rxa3 23. Rb1 h6 24. Rb8+ Kh7 25. Rb2 Ne4 26. Bd1 Nc3 27. Bb3 Bf5 28. Kf1 Bb1 29. Rxb1 1-0

[Event "Montreal op"]
[Site "Montreal CAN"]
[Date "2025.09.06"]
[Round "4.18"]
[White "Siegel, Adam"]
[Black "Dufresne, Christophe"]
[Result "1/2-1/2"]
[WhiteElo "2051"]
[BlackElo "1762"]
[WhiteFideId "-1"]
[WhiteFideId "-1"]
[PlyCount "75"]
[GameId "2221284413316669"]
[EventDate "2025.09.03"]
[EventType "swiss"]
[EventRounds "7"]
[EventCountry "CAN"]

1. d4 d5 2. Nf3 Nf6 3. c4 c6 4. Nc3 e6 5. e3 Nbd7 6. Be2 Bd6 7. O-O O-O 8. Qc2 dxc4 9. Bxc4 e5 10. Rd1 Qc7 11. h3 exd4 12. exd4 Nb6 13. Bb3 h6 14. Bxh6 Nbd5 15. Nxd5 Nxd5 16. Bxd5 cxd5 17. Qxc7 Bxc7 18. Be3 Bf5 19. Rac1 Rac8 20. Ne5 f6 21. Nd3 Kf7 22. Nc5 b6 23. Na4 Bd7 24. Nc3 Bc6 25. Rd2 Bb8 26. Rdc2 Bb7 27. g3 Rc4 28. b3 Rc6 29. Ne2 Rxc2 30. Rxc2 g5 31. f4 Kg6 32. g4 Re8 33. Kf2 Rh8 34. Kg2 Re8 35. Kf3 Rh8 36. Kg2 Re8 37. Kf3 Rh8 38. Kg2 1/2-1/2

[Event "Montreal op"]
[Site "Montreal CAN"]
[Date "2025.09.06"]
[Round "4.19"]
[White "Salman, Samer"]
[Black "Jutras, Arnaud"]
[Result "1-0"]
[WhiteElo "1967"]
[BlackElo "1720"]
[WhiteFideId "-1"]
[WhiteFideId "-1"]
[PlyCount "53"]
[GameId "2221284413316670"]
[EventDate "2025.09.03"]
[EventType "swiss"]
[EventRounds "7"]
[EventCountry "CAN"]

1. Nf3 d5 2. g3 Nf6 3. Bg2 c6 4. O-O Bf5 5. d3 e6 6. Nbd2 Bc5 7. Qe1 Bg6 8. Nh4 Bh5 9. e4 Nbd7 10. h3 g5 11. Nhf3 g4 12. hxg4 Nxg4 13. d4 Be7 14. c4 dxe4 15. Nxe4 Ndf6 16. Bf4 Bg6 17. Nxf6+ Nxf6 18. Qc3 Qb6 19. d5 Rg8 20. d6 Ne4 21. Qa3 Bf6 22. Be5 O-O-O 23. c5 Qb5 24. Qxa7 Qb4 25. Bxf6 Nxf6 26. Ne5 Nd7 27. Nxc6 1-0

[Event "Montreal op"]
[Site "Montreal CAN"]
[Date "2025.09.06"]
[Round "4.20"]
[White "Yu, Jonathan"]
[Black "Li, Yilin"]
[Result "0-1"]
[WhiteElo "2052"]
[BlackElo "1922"]
[WhiteFideId "-1"]
[WhiteFideId "-1"]
[PlyCount "74"]
[GameId "2221284413316672"]
[EventDate "2025.09.03"]
[EventType "swiss"]
[EventRounds "7"]
[EventCountry "CAN"]

1. g4 d5 2. h3 e5 3. Bg2 h5 4. g5 h4 5. c4 dxc4 6. g6 f6 7. Qa4+ c6 8. Qxc4 Qe7 9. Bd5 Qc5 10. Bxg8 Rxg8 11. Qf7+ Kd8 12. Nc3 Rh8 13. d4 exd4 14. Bf4 Qe7 15. O-O-O Qxf7 16. gxf7 Ke7 17. Rxd4 Be6 18. Nf3 g5 19. Bh2 Na6 20. Rhd1 Bxh3 21. Ne4 Bh6 22. e3 Kxf7 23. Nd6+ Kf8 24. Nxb7 Rh7 25. Rd8+ Rxd8 26. Rxd8+ Kg7 27. Nd6 Kg6 28. Nd4 Rd7 29. Rg8+ Kh7 30. Ra8 Nb4 31. Kd2 c5 32. Nb3 Na6 33. Ke2 Bg2 34. Rc8 g4 35. Nxc5 Nxc5 36. Rxc5 Bf3+ 37. Ke1 Bf8 0-1

[Event "Montreal op"]
[Site "Montreal CAN"]
[Date "2025.09.06"]
[Round "4.21"]
[White "Chabot, Roland"]
[Black "Robichaud, Louis"]
[Result "0-1"]
[WhiteElo "2043"]
[BlackElo "1914"]
[WhiteFideId "-1"]
[WhiteFideId "-1"]
[PlyCount "112"]
[GameId "2221284413374017"]
[EventDate "2025.09.03"]
[EventType "swiss"]
[EventRounds "7"]
[EventCountry "CAN"]

1. d4 Nf6 2. Nf3 g6 3. Bg5 Bg7 4. c3 O-O 5. Nbd2 d5 6. e3 c5 7. h3 cxd4 8. exd4 Be6 9. Bf4 Nc6 10. Bd3 a6 11. a4 Rc8 12. O-O Nh5 13. Bh2 Bh6 14. Re1 Bf4 15. Bf1 Rb8 16. g3 Bd6 17. Ng5 Bd7 18. f4 h6 19. Ngf3 Qc8 20. h4 Bg4 21. Be2 Nf6 22. Nf1 e6 23. Ne3 Bh3 24. Ne5 h5 25. Bf3 Ne7 26. Nd3 Nf5 27. Nf2 Nxe3 28. Rxe3 Bf5 29. a5 Kg7 30. Re1 b5 31. axb6 Rxb6 32. Qe2 Qb7 33. Ra2 Rb8 34. b4 Rc8 35. Qd2 Rbc6 36. Re3 Qc7 37. Nd1 Ng4 38. Bxg4 Bxg4 39. Ra3 a5 40. Rxa5 Bxd1 41. Qxd1 Rxc3 42. Rxc3 Qxc3 43. Ra2 Qe3+ 44. Kg2 Bxb4 45. Bg1 Qe4+ 46. Qf3 Qb1 47. Re2 Rc1 48. Qe3 Bd6 49. Bf2 Kh7 50. Be1 Bb8 51. Bd2 Rc4 52. f5 Qxf5 53. Rf2 Qe4+ 54. Qxe4 dxe4 55. Rf1 Kg8 56. Re1 Rc2 0-1

[Event "Montreal op"]
[Site "Montreal CAN"]
[Date "2025.09.06"]
[Round "4.22"]
[White "Both, Aaron"]
[Black "Berube, Maximilien"]
[Result "1/2-1/2"]
[WhiteElo "1917"]
[BlackElo "2007"]
[WhiteFideId "-1"]
[WhiteFideId "-1"]
[PlyCount "100"]
[GameId "2221284413374018"]
[EventDate "2025.09.03"]
[EventType "swiss"]
[EventRounds "7"]
[EventCountry "CAN"]

1. e4 c6 2. d4 d5 3. f3 Qb6 4. Nc3 dxe4 5. fxe4 e5 6. Nf3 exd4 7. Nxd4 Nf6 8. e5 Ng4 9. e6 Bxe6 10. Bc4 Bxc4 11. Qxg4 Na6 12. Qe4+ Kd7 13. Qg4+ Be6 14. Nxe6 Re8 15. Na4 Qb4+ 16. Qxb4 Rxe6+ 17. Kf2 Nxb4 18. Rd1+ Kc8 19. c4 b5 20. cxb5 cxb5 21. Nc3 Bc5+ 22. Kg3 Nc2 23. Rb1 Nd4 24. Kh3 Rd8 25. b4 Bb6 26. Bf4 h6 27. a4 g5 28. Bg3 Rc6 29. Rdc1 bxa4 30. b5 Rc4 31. Nxa4 Rxc1 32. Rxc1+ Kd7 33. Nxb6+ axb6 34. Rc7+ Ke8 35. Rb7 Rd5 36. Rxb6 Rxb5 37. Rxb5 Nxb5 38. Kg4 Kf8 39. Be5 Kg8 40. h4 gxh4 41. Kxh4 Na7 42. Kh5 Nc6 43. Bf4 Ne7 44. Bxh6 f6 45. Bd2 Kf7 46. g4 Ng6 47. Bc3 Nf4+ 48. Kh6 Ne6 49. Bxf6 Kxf6 50. g5+ Nxg5 1/2-1/2

[Event "Montreal op"]
[Site "Montreal CAN"]
[Date "2025.09.06"]
[Round "4.23"]
[White "Buzhor, Danil"]
[Black "Charaf, Bassel"]
[Result "1-0"]
[WhiteElo "1913"]
[BlackElo "2003"]
[WhiteFideId "-1"]
[WhiteFideId "-1"]
[PlyCount "151"]
[GameId "2221284413374019"]
[EventDate "2025.09.03"]
[EventType "swiss"]
[EventRounds "7"]
[EventCountry "CAN"]

1. e4 Nc6 2. Nf3 e5 3. Nc3 Nf6 4. g3 Bb4 5. Bg2 d6 6. d3 Nd4 7. h3 h6 8. a3 Bxc3+ 9. bxc3 Nxf3+ 10. Qxf3 Be6 11. O-O Qd7 12. Kh2 Nh7 13. Qe3 f6 14. f4 g5 15. f5 Bf7 16. Rb1 b6 17. Bf3 O-O-O 18. c4 Rdg8 19. Qe2 Qe8 20. Rb3 h5 21. Bg2 h4 22. g4 Nf8 23. Be3 Qa4 24. Ra1 Nd7 25. Rb4 Qc6 26. a4 a5 27. Rb5 Kd8 28. c3 Ke7 29. Bf1 Nc5 30. Qc2 Qa8 31. d4 exd4 32. cxd4 Nd7 33. Re1 c5 34. e5 dxe5 35. dxe5 Nxe5 36. Bg2 Qd8 37. Rxc5 Qd6 38. Rxe5+ fxe5 39. c5 Qd7 40. c6 Qd6 41. Bxb6 Kf6 42. Bxa5 Rc8 43. Bc3 Rhe8 44. Qb2 Rb8 45. Qf2 Rb3 46. Bb2 Rd3 47. Re2 Bd5 48. Bxd5 Qxd5 49. c7 Rd1 50. Qb6+ Qd6 51. Bxe5+ Rxe5 52. Qxd6+ Rxd6 53. Rxe5 Rd2+ 54. Kg1 Rc2 55. Re6+ Kf7 56. a5 Rxc7 57. Re3 Rc1+ 58. Kg2 Ra1 59. Re6 Rxa5 60. Rg6 Ra2+ 61. Kf3 Ra3+ 62. Ke4 Rxh3 63. Rxg5 Rh1 64. Kf3 Re1 65. Rh5 Kf6 66. Rh6+ Kf7 67. Rxh4 Rf1+ 68. Kg2 Rf4 69. Kg3 Rf1 70. Rh6 Kg7 71. Rg6+ Kf7 72. Kh4 Rh1+ 73. Kg5 Rh8 74. f6 Ra8 75. Rg7+ Kf8 76. Kg6 1-0

[Event "Montreal op"]
[Site "Montreal CAN"]
[Date "2025.09.06"]
[Round "4.24"]
[White "Darvekar, Yash"]
[Black "Kiryakov, Marin"]
[Result "0-1"]
[WhiteElo "1989"]
[BlackElo "1895"]
[WhiteFideId "-1"]
[WhiteFideId "-1"]
[PlyCount "92"]
[GameId "2221284413374020"]
[EventDate "2025.09.03"]
[EventType "swiss"]
[EventRounds "7"]
[EventCountry "CAN"]

1. e4 c5 2. Nf3 e6 3. d4 cxd4 4. Nxd4 Nf6 5. Nc3 Nc6 6. Nxc6 bxc6 7. e5 Nd5 8. Ne4 Bb7 9. Be2 c5 10. O-O Qc7 11. Nd6+ Bxd6 12. exd6 Qc6 13. c4 Ne3 14. Bf3 Nxd1 15. Bxc6 Bxc6 16. Rxd1 O-O 17. b3 Rfc8 18. Re1 f6 19. f3 Kf7 20. Kf2 a5 21. Be3 Bb7 22. Rab1 Ra6 23. Red1 e5 24. Rd2 Ke6 25. Rbd1 g5 26. h4 h6 27. g3 Rcc6 28. f4 g4 29. h5 Rc8 30. Rd5 Bxd5 31. Rxd5 a4 32. Bxc5 axb3 33. axb3 Ra2+ 34. Ke3 Rg2 35. fxe5 f5 36. Kf4 Ra8 37. Bd4 Raa2 38. Rb5 Rae2 39. Be3 Re1 40. Rb8 Rf1+ 41. Bf2 Rfxf2+ 42. Ke3 Kxe5 43. Rb5+ Kxd6 44. Rb6+ Kc5 45. Rb5+ Kc6 46. Kd4 d6 0-1

[Event "Montreal op"]
[Site "Montreal CAN"]
[Date "2025.09.06"]
[Round "4.25"]
[White "Beaupre, Eugene jr"]
[Black "Latreche, Sabrina"]
[Result "0-1"]
[WhiteElo "1895"]
[BlackElo "1984"]
[WhiteFideId "-1"]
[WhiteFideId "-1"]
[PlyCount "116"]
[GameId "2221284413374021"]
[EventDate "2025.09.03"]
[EventType "swiss"]
[EventRounds "7"]
[EventCountry "CAN"]

1. d4 Nf6 2. c4 e6 3. Nc3 d5 4. Bg5 Be7 5. e3 O-O 6. Nf3 Nbd7 7. Rc1 c6 8. Bd3 dxc4 9. Bxc4 Nd5 10. Bxe7 Qxe7 11. O-O Rd8 12. e4 N5b6 13. Bd3 e5 14. d5 cxd5 15. exd5 Nf6 16. Qe2 Nfxd5 17. Qxe5 Qxe5 18. Nxe5 Be6 19. Be4 f6 20. Nxd5 Bxd5 21. Bxd5+ Rxd5 22. Nf3 Rad8 23. Rfe1 R8d7 24. Kf1 Kf7 25. Rc2 g5 26. h4 g4 27. Ng1 Rd2 28. Rxd2 Rxd2 29. Re2 Rd1+ 30. Re1 Rd7 31. Re2 Nc4 32. Ke1 Ne5 33. Rd2 Nd3+ 34. Kf1 Ke7 35. Ne2 Nxb2 36. Nd4 Nc4 37. Nf5+ Ke6 38. Rxd7 Kxd7 39. Ke2 Ke6 40. Nd4+ Kd5 41. Nf5 Ne5 42. Kd2 b5 43. Kc3 a5 44. a3 Kc5 45. Ng3 Nd7 46. Ne4+ Kd5 47. Nd2 Nc5 48. f3 gxf3 49. gxf3 Ke5 50. h5 h6 51. Nf1 Kf4 52. Nh2 f5 53. Kd4 Nb3+ 54. Kc3 a4 55. Kb4 Nd2 56. Kxb5 Kg3 57. f4 Kxh2 58. Kxa4 Nc4 0-1

[Event "Montreal op"]
[Site "Montreal CAN"]
[Date "2025.09.06"]
[Round "4.26"]
[White "Ramesan, Raunak Amit"]
[Black "Rondon, Luciano"]
[Result "1/2-1/2"]
[WhiteElo "1877"]
[BlackElo "1950"]
[WhiteFideId "-1"]
[WhiteFideId "-1"]
[PlyCount "57"]
[GameId "2221284413374022"]
[EventDate "2025.09.03"]
[EventType "swiss"]
[EventRounds "7"]
[EventCountry "CAN"]

1. e4 c5 2. Nf3 d6 3. d4 cxd4 4. Nxd4 Nf6 5. Nc3 a6 6. h3 e5 7. Nf3 h6 8. a4 Be6 9. Be2 Be7 10. Be3 Nc6 11. Nd5 Bxd5 12. exd5 Qa5+ 13. c3 Qxd5 14. Qc2 Qe6 15. O-O O-O 16. b4 d5 17. b5 Na5 18. Rab1 axb5 19. Rxb5 Rfc8 20. Qb2 Ne4 21. Rc1 Bc5 22. Bxc5 Rxc5 23. Rxc5 Nxc5 24. Qb5 Nab3 25. Rb1 Ra5 26. Qb4 Rxa4 27. Qb5 Ra5 28. Qb4 Ra4 29. Qb5 1/2-1/2